LIBRARY & INFORMATION CENTRE, KCAET, TAVANUR

ONLINE PUBLIC ACCESS CATALOGUE (OPAC)

Marxism-Leninisathinte atisthana tatvangal, Part 5 / (Record no. 4944)

MARC details
000 -LEADER
fixed length control field 00448cam a2200169ua 4500
041 ## - LANGUAGE CODE
Language code of text/sound track or separate title mal
082 ## - DEWEY DECIMAL CLASSIFICATION NUMBER
Classification number 335.4
Item number DAM/MA
100 ## - MAIN ENTRY--AUTHOR NAME
Personal name Damodaran, K .
245 ## - TITLE STATEMENT
Title Marxism-Leninisathinte atisthana tatvangal, Part 5 /
260 ## - PUBLICATION, DISTRIBUTION, ETC. (IMPRINT)
Place of publication Thiruvananthapuram :
Name of publisher Navayugam Publications ,
Year of publication 1965.
300 ## - PHYSICAL DESCRIPTION
Number of Pages 1289 ; .
942 ## - ADDED ENTRY ELEMENTS (KOHA)
Koha item type Books
Holdings
Withdrawn status Lost status Damaged status Home library Current library Date acquired Full call number Accession Number Koha item type Public note
Withdrawn     KAUAET Malayalam University 07/04/2012 335.4 8509 Books Transferred to Malayalam University
free website counter